000 00848nam a2200265 a 4500
001 22462
003 BD-RjUL
005 20211209000817.0
008 140308s1990 ii b 001 0 eng
020 _a8171001963
035 _a(BD-RjUL)22527
040 _aDLC
_cDLC
_dDLC
_dDBD-RjUL
_beng
041 _aeng
082 0 0 _a345.402
_220
_bDWR 1990
100 1 _aDwivedi, K. C.
_q(Krishna Chandra),
_d1952-
_969372
245 1 0 _aRight to equality and the Supreme Court /
_cK.C. Dwivedi.
260 _aNew Delhi :
_bDeep & Deep Publications,
_cc1990.
300 _a184 p. ;
_c22 cm.
504 _aIncludes bibliographical references (p. [179]-182)
610 1 0 _aIndia.
_bSupreme Court.
_9138012
650 0 _aEquality before the law
_zIndia.
_969374
650 0 _aConstitutional law
_zIndia.
_913751
942 _2ddc
_cBK
999 _c22462
_d22462